| 000 | 00619nam a2200217 i 4500 | ||
|---|---|---|---|
| 001 | bg | ||
| 245 | 0 | 0 |
_aMarketing przedsiębiorstw przemysłowych / _cpod red. Władysława Mantury. |
| 260 |
_aPoznań : _bWydaw. Politechniki Poznańskiej, _c2000. |
||
| 300 |
_a303 s. : _bil. ; _c24 cm. |
||
| 504 | _aBibliogr. | ||
| 650 | 9 | _aMarketing | |
| 655 | _aPodręczniki akademickie | ||
| 700 | 1 |
_aMANTURA, Władysław. _eRed. |
|
| 020 | _a8371435215 | ||
| 040 | _cBPK | ||
| 041 | 0 | _apl | |
| 080 | _a658.1/.5.01:339.138](075.8) | ||
| 920 | _a83-7143-521-5 | ||
| 942 | _cKS | ||
| 008 | s pl f |000 0 pol | ||
| 999 |
_c39328 _d39328 |
||
| 856 |
_uhttp://koha.tu.koszalin.pl/cgi-bin/koha/opac-detail.pl?biblionumber=39328 _yKatalog online BPK |
||